000
00260nam a2200109Ia 4500
008
220204s9999 xx 000 0 und d
082
_a
301
_b
JAI
100
_a
Jain, R K
245
0
_a
Environmental impact analysis
260
_a
New York
_b
VNR
_c
1977
942
_c
BK
999
_c
26872
_d
26872